Natural gas resources of parts of north Texas. (Record no. 25627)

MARC details
000 -LEADER
fixed length control field 00878cam a22002771 4500
001 - CONTROL NUMBER
control field gs 16000071
003 - CONTROL NUMBER IDENTIFIER
control field DLC
005 - DATE AND TIME OF LATEST TRANSACTION
control field 20260227111319.0
008 - FIXED-LENGTH DATA ELEMENTS--GENERAL INFORMATION
fixed length control field 720329s1916 xx 000 0 eng
010 ## - LIBRARY OF CONGRESS CONTROL NUMBER
LC control number gs 16000071
035 ## - SYSTEM CONTROL NUMBER
System control number (OCoLC)272450
040 ## - CATALOGING SOURCE
Original cataloging agency DLC
Transcribing agency ODaWU
Modifying agency DLC
042 ## - AUTHENTICATION CODE
Authentication code premarc
050 00 - LIBRARY OF CONGRESS CALL NUMBER
Classification number QE75
Item number .B9 no. 629
051 ## - LIBRARY OF CONGRESS COPY, ISSUE, OFFPRINT STATEMENT
Classification number TN880
Item number .U6
Copy information Copy 2.
100 1# - MAIN ENTRY--PERSONAL NAME
Personal name Shaw, Eugene Wesley,
Dates associated with a name 1881-1935.
245 10 - TITLE STATEMENT
Title Natural gas resources of parts of north Texas.
260 ## - PUBLICATION, DISTRIBUTION, ETC.
Name of publisher, distributor, etc. Govt. Print. Off.,
Date of publication, distribution, etc. 1916.
300 ## - PHYSICAL DESCRIPTION
Extent 129 p.
410 20 - SERIES STATEMENT/ADDED ENTRY--CORPORATE NAME [OBSOLETE, CAN/MARC], [LOCAL, USA]
Corporate name or jurisdiction name as entry element Geological Survey (U.S.)
Title of a work Bulletin
Volume number/sequential designation 629
650 #0 - SUBJECT ADDED ENTRY--TOPICAL TERM
Topical term or geographic name entry element Natural gas
Geographic subdivision Texas.
700 1# - ADDED ENTRY--PERSONAL NAME
Personal name Matson, George Charlton,
Dates associated with a name 1873-
Relator term joint author.
700 1# - ADDED ENTRY--PERSONAL NAME
Personal name Wegemann, Carroll H.,
Dates associated with a name 1879-
Relator term joint author.
740 0# - ADDED ENTRY--UNCONTROLLED RELATED/ANALYTICAL TITLE
Uncontrolled related/analytical title Gas in the area north and west of Fort Worth.
740 0# - ADDED ENTRY--UNCONTROLLED RELATED/ANALYTICAL TITLE
Uncontrolled related/analytical title Gas prospects south and southeast of Dallas.

No items available.

Powered by Koha